{"text_format":"3","workbook":"xlsx","n_sheets":17,"sheets":["部门财务收支预算总表01-1","部门收入预算表01-2","部门支出预算表01-3","部门财政拨款收支预算总表02-1","一般公共预算支出预算表02-2","一般公共预算“三公”经费支出预算表03","部门基本支出预算表04","部门项目支出预算表05-1","部门项目支出绩效目标表05-2","部门政府性基金预算表06","部门政府采购预算表07","部门政府购买服务预算表08","省对下转移支付预算表09-1","省对下转移支付绩效目标表09-2","新增资产配置表10","中央转移支付补助项目支出预算表11","部门项目支出中期规划预算表12"],"read":"whole","date_system":"1900"}

{"sheet":"部门财务收支预算总表01-1","index":0,"n_rows":21,"n_cols":4,"rows_kept":21,"merged":[[1,0,1,3],[2,0,2,1],[3,0,3,1],[3,2,3,3],[4,0,5,0],[4,1,5,1],[4,2,5,2],[4,3,5,3]]}
[{"$nulls":3},"预算01-1表"]
["2026年部门财务收支预算总表"]
[{"$f":"\"单位名称：\"&\"云南省卫生健康综合监督中心\"","v":"单位名称：云南省卫生健康综合监督中心"},null,null,"单位：元"]
["收        入",null,"支        出"]
["项      目","预算数","项目（按功能分类）","预算数"]
[]
["一、一般公共预算拨款收入",{"v":22621402.02,"d":"22,621,402.02"},{"$f":"\"一\"&\"、\"&\"社会保障和就业支出\"","v":"一、社会保障和就业支出"},{"v":1495035.31,"d":"1,495,035.31"}]
["二、政府性基金预算拨款收入",null,{"$f":"\"二\"&\"、\"&\"卫生健康支出\"","v":"二、卫生健康支出"},{"v":20267807.7,"d":"20,267,807.70"}]
["三、国有资本经营预算拨款收入",null,{"$f":"\"三\"&\"、\"&\"住房保障支出\"","v":"三、住房保障支出"},{"v":1165848.01,"d":"1,165,848.01"}]
["四、财政专户管理资金收入"]
["五、单位资金",{"v":90000,"d":"90,000.00"}]
["1.事业收入"]
["2.事业单位经营收入"]
["3.上级补助收入",{"v":90000,"d":"90,000.00"}]
["4.附属单位上缴收入"]
["5.其他收入"]
["本年收入合计",{"v":22711402.02,"d":"22,711,402.02"},"本年支出合计",{"v":22928691.02,"d":"22,928,691.02"}]
["上年结转结余",{"v":330520,"d":"330,520.00"},"年终结转结余",{"v":113231,"d":"113,231.00"}]
["1.财政拨款结转结余",{"v":217289,"d":"217,289.00"},"1.财政拨款结转结余"]
["2.非财政拨款结余",{"v":113231,"d":"113,231.00"},"2.非财政拨款结余",{"v":113231,"d":"113,231.00"}]
["收  入  总  计",{"v":23041922.02,"d":"23,041,922.02"},"支 出 总 计",{"v":23041922.02,"d":"23,041,922.02"}]

{"sheet":"部门收入预算表01-2","index":1,"n_rows":9,"n_cols":19,"rows_kept":9,"merged":[[0,17,0,18],[1,0,1,18],[2,0,2,3],[2,17,2,18],[3,0,5,0],[3,1,5,1],[3,2,5,2],[3,3,3,13],[3,14,3,18],[4,3,5,3],[4,4,5,4],[4,5,5,5],[4,6,5,6],[4,7,5,7],[4,8,4,13],[4,14,5,14],[4,15,5,15],[4,16,5,16],[4,17,5,17],[4,18,5,18]]}
[{"$nulls":17},"预算01-2表"]
["2026年部门收入预算表"]
[{"$f":"\"单位名称：\"&\"云南省卫生健康综合监督中心\"","v":"单位名称：云南省卫生健康综合监督中心"},{"$nulls":16},"单位：元"]
["部门（单位）代码","部门（单位）名称","合计","本年收入",{"$nulls":10},"上年结转结余"]
[{"$nulls":3},"小计","一般公共预算","政府性基金预算","国有资本经营预算","财政专户管理资金","单位资金收入",null,"事业单位经营收入","上级补助收入","附属单位上缴收入","其他收入","小计","一般公共预算","政府性基金预算","国有资本经营预算","非财政拨款结余"]
[{"$nulls":8},"小计","事业收入","事业单位经营收入","上级补助收入","附属单位上缴收入","其他收入"]
[1,2,3,4,5,6,7,8,9,10,11,12,13,14,15,16,17,18,19]
["131005","云南省卫生健康综合监督中心",{"v":23041922.02,"d":"23,041,922.02"},{"v":22711402.02,"d":"22,711,402.02"},{"v":22621402.02,"d":"22,621,402.02"},{"$nulls":3},{"v":90000,"d":"90,000.00"},null,null,{"v":90000,"d":"90,000.00"},null,null,{"v":330520,"d":"330,520.00"},{"v":217289,"d":"217,289.00"},null,null,{"v":113231,"d":"113,231.00"}]
["合计",null,{"v":23041922.02,"d":"23,041,922.02"},{"v":22711402.02,"d":"22,711,402.02"},{"v":22621402.02,"d":"22,621,402.02"},{"$nulls":3},{"v":90000,"d":"90,000.00"},null,null,{"v":90000,"d":"90,000.00"},null,null,{"v":330520,"d":"330,520.00"},{"v":217289,"d":"217,289.00"},null,null,{"v":113231,"d":"113,231.00"}]

{"sheet":"部门支出预算表01-3","index":2,"n_rows":25,"n_cols":15,"rows_kept":25,"merged":[[1,0,1,14],[2,0,2,11],[3,0,4,0],[3,1,4,1],[3,2,4,2],[3,3,3,5],[3,6,4,6],[3,7,4,7],[3,8,4,8],[3,9,3,14],[24,0,24,1]]}
[{"$nulls":14},"预算01-3表"]
["2026年部门支出预算表"]
[{"$f":"\"单位名称：\"&\"云南省卫生健康综合监督中心\"","v":"单位名称：云南省卫生健康综合监督中心"},{"$nulls":13},"单位：元"]
["科目编码","科目名称","合计","一般公共预算",null,null,"政府性基金预算","国有资本经营预算","财政专户管理的支出","单位资金","事业支出","事业单位\n经营支出","上级补助支出","附属单位补助支出","其他支出"]
[{"$nulls":3},"小计","基本支出","项目支出",{"$nulls":3},"小计","事业支出","事业单位\n经营支出","上级补助支出","附属单位补助支出","其他支出"]
[1,2,3,4,5,6,7,8,9,10,11,12,13,14,15]
["208","社会保障和就业支出",{"v":1495035.31,"d":"1,495,035.31"},{"v":1495035.31,"d":"1,495,035.31"},{"v":1495035.31,"d":"1,495,035.31"}]
["20805","行政事业单位养老支出",{"v":1480620.02,"d":"1,480,620.02"},{"v":1480620.02,"d":"1,480,620.02"},{"v":1480620.02,"d":"1,480,620.02"}]
["2080501","行政单位离退休",{"v":25380,"d":"25,380.00"},{"v":25380,"d":"25,380.00"},{"v":25380,"d":"25,380.00"}]
["2080505","机关事业单位基本养老保险缴费支出",{"v":1455240.02,"d":"1,455,240.02"},{"v":1455240.02,"d":"1,455,240.02"},{"v":1455240.02,"d":"1,455,240.02"}]
["20899","其他社会保障和就业支出",{"v":14415.29,"d":"14,415.29"},{"v":14415.29,"d":"14,415.29"},{"v":14415.29,"d":"14,415.29"}]
["2089999","其他社会保障和就业支出",{"v":14415.29,"d":"14,415.29"},{"v":14415.29,"d":"14,415.29"},{"v":14415.29,"d":"14,415.29"}]
["210","卫生健康支出",{"v":20267807.7,"d":"20,267,807.70"},{"v":20177807.7,"d":"20,177,807.70"},{"v":13384068.7,"d":"13,384,068.70"},{"v":6793739,"d":"6,793,739.00"},{"$nulls":3},{"v":90000,"d":"90,000.00"},null,null,{"v":90000,"d":"90,000.00"}]
["21004","公共卫生",{"v":18730319.97,"d":"18,730,319.97"},{"v":18640319.97,"d":"18,640,319.97"},{"v":11846580.97,"d":"11,846,580.97"},{"v":6793739,"d":"6,793,739.00"},{"$nulls":3},{"v":90000,"d":"90,000.00"},null,null,{"v":90000,"d":"90,000.00"}]
["2100402","卫生监督机构",{"v":18705370.97,"d":"18,705,370.97"},{"v":18615370.97,"d":"18,615,370.97"},{"v":11846580.97,"d":"11,846,580.97"},{"v":6768790,"d":"6,768,790.00"},{"$nulls":3},{"v":90000,"d":"90,000.00"},null,null,{"v":90000,"d":"90,000.00"}]
["2100408","基本公共卫生服务",{"v":18900,"d":"18,900.00"},{"v":18900,"d":"18,900.00"},null,{"v":18900,"d":"18,900.00"}]
["2100409","重大公共卫生服务",{"v":6049,"d":"6,049.00"},{"v":6049,"d":"6,049.00"},null,{"v":6049,"d":"6,049.00"}]
["21011","行政事业单位医疗",{"v":1537487.73,"d":"1,537,487.73"},{"v":1537487.73,"d":"1,537,487.73"},{"v":1537487.73,"d":"1,537,487.73"}]
["2101101","行政单位医疗",{"v":909525.02,"d":"909,525.02"},{"v":909525.02,"d":"909,525.02"},{"v":909525.02,"d":"909,525.02"}]
["2101103","公务员医疗补助",{"v":581689.21,"d":"581,689.21"},{"v":581689.21,"d":"581,689.21"},{"v":581689.21,"d":"581,689.21"}]
["2101199","其他行政事业单位医疗支出",{"v":46273.5,"d":"46,273.50"},{"v":46273.5,"d":"46,273.50"},{"v":46273.5,"d":"46,273.50"}]
["221","住房保障支出",{"v":1165848.01,"d":"1,165,848.01"},{"v":1165848.01,"d":"1,165,848.01"},{"v":1165848.01,"d":"1,165,848.01"}]
["22102","住房改革支出",{"v":1165848.01,"d":"1,165,848.01"},{"v":1165848.01,"d":"1,165,848.01"},{"v":1165848.01,"d":"1,165,848.01"}]
["2210201","住房公积金",{"v":1165848.01,"d":"1,165,848.01"},{"v":1165848.01,"d":"1,165,848.01"},{"v":1165848.01,"d":"1,165,848.01"}]
["合  计","合  计",{"v":22928691.02,"d":"22,928,691.02"},{"v":22838691.02,"d":"22,838,691.02"},{"v":16044952.02,"d":"16,044,952.02"},{"v":6793739,"d":"6,793,739.00"},{"$nulls":3},{"v":90000,"d":"90,000.00"},null,null,{"v":90000,"d":"90,000.00"}]

{"sheet":"部门财政拨款收支预算总表02-1","index":3,"n_rows":16,"n_cols":4,"rows_kept":16,"merged":[[1,0,1,3],[2,0,2,1],[3,0,3,1],[3,2,3,3],[4,0,5,0],[4,1,5,1],[4,2,5,2],[4,3,5,3]]}
[{"$nulls":3},"预算02-1表"]
["2026年财政拨款收支预算总表"]
[{"$f":"\"单位名称：\"&\"云南省卫生健康综合监督中心\"","v":"单位名称：云南省卫生健康综合监督中心"},null,null,"单位：元"]
["收        入",null,"支        出"]
["项      目","预算数","支出功能分类科目","预算数"]
[]
["一、本年收入",{"v":22621402.02,"d":"22,621,402.02"},"一、本年支出",{"v":22838691.02,"d":"22,838,691.02"}]
["（一）一般公共预算拨款",{"v":22621402.02,"d":"22,621,402.02"},{"$f":"\"（一）\"&\"社会保障和就业支出\"","v":"（一）社会保障和就业支出"},{"v":1495035.31,"d":"1,495,035.31"}]
["（二）政府性基金预算拨款",null,{"$f":"\"（二）\"&\"卫生健康支出\"","v":"（二）卫生健康支出"},{"v":20177807.7,"d":"20,177,807.70"}]
["（三）国有资本经营预算拨款",null,{"$f":"\"（三）\"&\"住房保障支出\"","v":"（三）住房保障支出"},{"v":1165848.01,"d":"1,165,848.01"}]
["二、上年结转",{"v":217289,"d":"217,289.00"}]
["（一）一般公共预算拨款",{"v":217289,"d":"217,289.00"}]
["（二）政府性基金预算拨款"]
["（三）国有资本经营预算拨款"]
[null,null,"二、年终结转结余"]
["收 入 总 计",{"v":22838691.02,"d":"22,838,691.02"},"支 出 总 计",{"v":22838691.02,"d":"22,838,691.02"}]

{"sheet":"一般公共预算支出预算表02-2","index":4,"n_rows":23,"n_cols":7,"rows_kept":23,"merged":[[1,0,1,6],[2,0,2,4],[3,0,3,1],[3,2,4,2],[3,3,3,5],[3,6,4,6],[22,0,22,1]]}
[{"$nulls":6},"预算02-2表"]
["2026年一般公共预算支出预算表（按功能科目分类）"]
[{"$f":"\"单位名称：\"&\"云南省卫生健康综合监督中心\"","v":"单位名称：云南省卫生健康综合监督中心"},{"$nulls":5},"单位：元"]
["部门预算支出功能分类科目",null,"合计","基本支出",null,null,"项目支出"]
["科目编码","科目名称",null,"小计","人员经费","公用经费"]
["1","2","3",null,"4","5","6"]
["208","社会保障和就业支出",{"v":1495035.31,"d":"1,495,035.31"},{"v":1495035.31,"d":"1,495,035.31"},{"v":1469655.31,"d":"1,469,655.31"},{"v":25380,"d":"25,380.00"}]
["20805","行政事业单位养老支出",{"v":1480620.02,"d":"1,480,620.02"},{"v":1480620.02,"d":"1,480,620.02"},{"v":1455240.02,"d":"1,455,240.02"},{"v":25380,"d":"25,380.00"}]
["2080501","行政单位离退休",{"v":25380,"d":"25,380.00"},{"v":25380,"d":"25,380.00"},null,{"v":25380,"d":"25,380.00"}]
["2080505","机关事业单位基本养老保险缴费支出",{"v":1455240.02,"d":"1,455,240.02"},{"v":1455240.02,"d":"1,455,240.02"},{"v":1455240.02,"d":"1,455,240.02"}]
["20899","其他社会保障和就业支出",{"v":14415.29,"d":"14,415.29"},{"v":14415.29,"d":"14,415.29"},{"v":14415.29,"d":"14,415.29"}]
["2089999","其他社会保障和就业支出",{"v":14415.29,"d":"14,415.29"},{"v":14415.29,"d":"14,415.29"},{"v":14415.29,"d":"14,415.29"}]
["210","卫生健康支出",{"v":19960518.7,"d":"19,960,518.70"},{"v":13384068.7,"d":"13,384,068.70"},{"v":11509285.68,"d":"11,509,285.68"},{"v":1874783.02,"d":"1,874,783.02"},{"v":6576450,"d":"6,576,450.00"}]
["21004","公共卫生",{"v":18423030.97,"d":"18,423,030.97"},{"v":11846580.97,"d":"11,846,580.97"},{"v":9971797.95,"d":"9,971,797.95"},{"v":1874783.02,"d":"1,874,783.02"},{"v":6576450,"d":"6,576,450.00"}]
["2100402","卫生监督机构",{"v":18423030.97,"d":"18,423,030.97"},{"v":11846580.97,"d":"11,846,580.97"},{"v":9971797.95,"d":"9,971,797.95"},{"v":1874783.02,"d":"1,874,783.02"},{"v":6576450,"d":"6,576,450.00"}]
["21011","行政事业单位医疗",{"v":1537487.73,"d":"1,537,487.73"},{"v":1537487.73,"d":"1,537,487.73"},{"v":1537487.73,"d":"1,537,487.73"}]
["2101101","行政单位医疗",{"v":909525.02,"d":"909,525.02"},{"v":909525.02,"d":"909,525.02"},{"v":909525.02,"d":"909,525.02"}]
["2101103","公务员医疗补助",{"v":581689.21,"d":"581,689.21"},{"v":581689.21,"d":"581,689.21"},{"v":581689.21,"d":"581,689.21"}]
["2101199","其他行政事业单位医疗支出",{"v":46273.5,"d":"46,273.50"},{"v":46273.5,"d":"46,273.50"},{"v":46273.5,"d":"46,273.50"}]
["221","住房保障支出",{"v":1165848.01,"d":"1,165,848.01"},{"v":1165848.01,"d":"1,165,848.01"},{"v":1165848.01,"d":"1,165,848.01"}]
["22102","住房改革支出",{"v":1165848.01,"d":"1,165,848.01"},{"v":1165848.01,"d":"1,165,848.01"},{"v":1165848.01,"d":"1,165,848.01"}]
["2210201","住房公积金",{"v":1165848.01,"d":"1,165,848.01"},{"v":1165848.01,"d":"1,165,848.01"},{"v":1165848.01,"d":"1,165,848.01"}]
["合  计","合  计",{"v":22621402.02,"d":"22,621,402.02"},{"v":16044952.02,"d":"16,044,952.02"},{"v":14144789,"d":"14,144,789.00"},{"v":1900163.02,"d":"1,900,163.02"},{"v":6576450,"d":"6,576,450.00"}]

{"sheet":"一般公共预算“三公”经费支出预算表03","index":5,"n_rows":7,"n_cols":6,"rows_kept":7,"merged":[[1,0,1,5],[2,0,2,3],[3,0,4,0],[3,1,4,1],[3,2,3,4],[3,5,4,5]]}
[{"$nulls":5},"预算03表"]
["2026年一般公共预算“三公”经费支出预算表"]
[{"$f":"\"单位名称：\"&\"云南省卫生健康综合监督中心\"","v":"单位名称：云南省卫生健康综合监督中心"},{"$nulls":4},"单位：元"]
["“三公”经费合计","因公出国（境）费","公务用车购置及运行费",null,null,"公务接待费"]
[null,null,"小计","公务用车购置费","公务用车运行费"]
[1,2,3,4,5,6]
[{"v":102800,"d":"102,800.00"},null,{"v":95000,"d":"95,000.00"},null,{"v":95000,"d":"95,000.00"},{"v":7800,"d":"7,800.00"}]

{"sheet":"部门基本支出预算表04","index":6,"n_rows":36,"n_cols":23,"rows_kept":36,"merged":[[1,0,1,22],[2,0,2,6],[3,0,6,0],[3,1,6,1],[3,2,6,2],[3,3,6,3],[3,4,6,4],[3,5,6,5],[3,6,6,6],[3,7,3,22],[4,7,6,7],[4,8,4,12],[4,13,4,15],[4,16,6,16],[4,17,4,22],[5,8,6,8],[5,9,6,9],[5,10,6,10],[5,11,6,11],[5,12,6,12],[5,13,6,13],[5,14,6,14],[5,15,6,15],[5,17,6,17],[5,18,6,18],[5,19,6,19],[5,20,6,20],[5,21,6,21],[5,22,6,22],[35,0,35,6]]}
[{"$nulls":22},"预算04表"]
["2026年部门基本支出预算表"]
[{"$f":"\"单位名称：\"&\"云南省卫生健康综合监督中心\"","v":"单位名称：云南省卫生健康综合监督中心"},{"$nulls":21},"单位：元"]
["单位名称","项目代码","项目名称","功能科目编码","功能科目名称","经济科目编码","经济科目名称","资金来源"]
[{"$nulls":7},"合计","一般公共预算",{"$nulls":4},"财政拨款结转结余",null,null,"财政专户管理资金","单位资金"]
[{"$nulls":8},"全年数","已提前安排","抵扣上年垫付资金","本次下达","另文下达","一般公共预算","政府性基金预算","国有资本经营预算",null,"小计","事业收入","事业单位\n经营收入","上级补助收入","附属单位上缴收入","其他收入"]
[]
[1,2,3,4,5,6,7,8,9,10,11,12,13,14,15,16,17,18,19,20,21,22,23]
["云南省卫生健康综合监督中心",{"$nulls":6},{"v":16044952.02,"d":"16,044,952.02"},{"v":16044952.02,"d":"16,044,952.02"},{"v":4022193.15,"d":"4,022,193.15"},null,{"v":12022758.87,"d":"12,022,758.87"}]
["云南省卫生健康综合监督中心","530000210000000039780","行政人员支出工资","2100402","卫生监督机构","30101","基本工资",{"v":3500469,"d":"3,500,469.00"},{"v":3500469,"d":"3,500,469.00"},{"v":875117.25,"d":"875,117.25"},null,{"v":2625351.75,"d":"2,625,351.75"}]
["云南省卫生健康综合监督中心","530000210000000039780","行政人员支出工资","2100402","卫生监督机构","30102","津贴补贴",{"v":4267267.2,"d":"4,267,267.20"},{"v":4267267.2,"d":"4,267,267.20"},{"v":1066816.8,"d":"1,066,816.80"},null,{"v":3200450.4,"d":"3,200,450.40"}]
["云南省卫生健康综合监督中心","530000210000000039780","行政人员支出工资","2100402","卫生监督机构","30103","奖金",{"v":316455.75,"d":"316,455.75"},{"v":316455.75,"d":"316,455.75"},{"v":79113.94,"d":"79,113.94"},null,{"v":237341.81,"d":"237,341.81"}]
["云南省卫生健康综合监督中心","530000210000000039783","社会保障缴费","2080505","机关事业单位基本养老保险缴费支出","30108","机关事业单位基本养老保险缴费",{"v":1455240.02,"d":"1,455,240.02"},{"v":1455240.02,"d":"1,455,240.02"},{"v":363810.01,"d":"363,810.01"},null,{"v":1091430.01,"d":"1,091,430.01"}]
["云南省卫生健康综合监督中心","530000210000000039783","社会保障缴费","2089999","其他社会保障和就业支出","30112","其他社会保障缴费",{"v":14415.29,"d":"14,415.29"},{"v":14415.29,"d":"14,415.29"},{"v":3603.82,"d":"3,603.82"},null,{"v":10811.47,"d":"10,811.47"}]
["云南省卫生健康综合监督中心","530000210000000039783","社会保障缴费","2101101","行政单位医疗","30110","职工基本医疗保险缴费",{"v":909525.02,"d":"909,525.02"},{"v":909525.02,"d":"909,525.02"},{"v":227381.26,"d":"227,381.26"},null,{"v":682143.76,"d":"682,143.76"}]
["云南省卫生健康综合监督中心","530000210000000039783","社会保障缴费","2101103","公务员医疗补助","30111","公务员医疗补助缴费",{"v":581689.21,"d":"581,689.21"},{"v":581689.21,"d":"581,689.21"},{"v":145422.3,"d":"145,422.30"},null,{"v":436266.91,"d":"436,266.91"}]
["云南省卫生健康综合监督中心","530000210000000039783","社会保障缴费","2101199","其他行政事业单位医疗支出","30112","其他社会保障缴费",{"v":46273.5,"d":"46,273.50"},{"v":46273.5,"d":"46,273.50"},{"v":46273.5,"d":"46,273.50"}]
["云南省卫生健康综合监督中心","530000210000000039787","住房公积金","2210201","住房公积金","30113","住房公积金",{"v":1165848.01,"d":"1,165,848.01"},{"v":1165848.01,"d":"1,165,848.01"},{"v":291462,"d":"291,462.00"},null,{"v":874386.01,"d":"874,386.01"}]
["云南省卫生健康综合监督中心","530000210000000039790","公车购置及运维费","2100402","卫生监督机构","30231","公务用车运行维护费",{"v":95000,"d":"95,000.00"},{"v":95000,"d":"95,000.00"},null,null,{"v":95000,"d":"95,000.00"}]
["云南省卫生健康综合监督中心","530000210000000039792","公务接待费","2100402","卫生监督机构","30217","公务接待费",{"v":7800,"d":"7,800.00"},{"v":7800,"d":"7,800.00"},{"v":1950,"d":"1,950.00"},null,{"v":5850,"d":"5,850.00"}]
["云南省卫生健康综合监督中心","530000210000000039793","行政人员公务交通补贴","2100402","卫生监督机构","30239","其他交通费用",{"v":669690,"d":"669,690.00"},{"v":669690,"d":"669,690.00"},{"v":167422.5,"d":"167,422.50"},null,{"v":502267.5,"d":"502,267.50"}]
["云南省卫生健康综合监督中心","530000210000000039794","工会经费","2100402","卫生监督机构","30228","工会经费",{"v":189467.58,"d":"189,467.58"},{"v":189467.58,"d":"189,467.58"},{"v":47366.9,"d":"47,366.90"},null,{"v":142100.68,"d":"142,100.68"}]
["云南省卫生健康综合监督中心","530000210000000039795","一般公用经费","2080501","行政单位离退休","30299","其他商品和服务支出",{"v":25380,"d":"25,380.00"},{"v":25380,"d":"25,380.00"},{"v":6345,"d":"6,345.00"},null,{"v":19035,"d":"19,035.00"}]
["云南省卫生健康综合监督中心","530000210000000039795","一般公用经费","2100402","卫生监督机构","30201","办公费",{"v":45680,"d":"45,680.00"},{"v":45680,"d":"45,680.00"},{"v":11420,"d":"11,420.00"},null,{"v":34260,"d":"34,260.00"}]
["云南省卫生健康综合监督中心","530000210000000039795","一般公用经费","2100402","卫生监督机构","30202","印刷费",{"v":13000,"d":"13,000.00"},{"v":13000,"d":"13,000.00"},{"v":3250,"d":"3,250.00"},null,{"v":9750,"d":"9,750.00"}]
["云南省卫生健康综合监督中心","530000210000000039795","一般公用经费","2100402","卫生监督机构","30205","水费",{"v":34800,"d":"34,800.00"},{"v":34800,"d":"34,800.00"},{"v":8700,"d":"8,700.00"},null,{"v":26100,"d":"26,100.00"}]
["云南省卫生健康综合监督中心","530000210000000039795","一般公用经费","2100402","卫生监督机构","30206","电费",{"v":60000,"d":"60,000.00"},{"v":60000,"d":"60,000.00"},{"v":15000,"d":"15,000.00"},null,{"v":45000,"d":"45,000.00"}]
["云南省卫生健康综合监督中心","530000210000000039795","一般公用经费","2100402","卫生监督机构","30207","邮电费",{"v":29400,"d":"29,400.00"},{"v":29400,"d":"29,400.00"},{"v":7350,"d":"7,350.00"},null,{"v":22050,"d":"22,050.00"}]
["云南省卫生健康综合监督中心","530000210000000039795","一般公用经费","2100402","卫生监督机构","30209","物业管理费",{"v":97384.98,"d":"97,384.98"},{"v":97384.98,"d":"97,384.98"},{"v":24346.25,"d":"24,346.25"},null,{"v":73038.73,"d":"73,038.73"}]
["云南省卫生健康综合监督中心","530000210000000039795","一般公用经费","2100402","卫生监督机构","30211","差旅费",{"v":25930,"d":"25,930.00"},{"v":25930,"d":"25,930.00"},{"v":6482.5,"d":"6,482.50"},null,{"v":19447.5,"d":"19,447.50"}]
["云南省卫生健康综合监督中心","530000210000000039795","一般公用经费","2100402","卫生监督机构","30226","劳务费",{"v":2400,"d":"2,400.00"},{"v":2400,"d":"2,400.00"},{"v":600,"d":"600.00"},null,{"v":1800,"d":"1,800.00"}]
["云南省卫生健康综合监督中心","530000210000000039795","一般公用经费","2100402","卫生监督机构","30227","委托业务费",{"v":22000,"d":"22,000.00"},{"v":22000,"d":"22,000.00"},{"v":5500,"d":"5,500.00"},null,{"v":16500,"d":"16,500.00"}]
["云南省卫生健康综合监督中心","530000210000000039795","一般公用经费","2100402","卫生监督机构","30239","其他交通费用",{"v":63780,"d":"63,780.00"},{"v":63780,"d":"63,780.00"},{"v":15945,"d":"15,945.00"},null,{"v":47835,"d":"47,835.00"}]
["云南省卫生健康综合监督中心","530000210000000039795","一般公用经费","2100402","卫生监督机构","30299","其他商品和服务支出",{"v":518450.46,"d":"518,450.46"},{"v":518450.46,"d":"518,450.46"},{"v":129612.62,"d":"129,612.62"},null,{"v":388837.84,"d":"388,837.84"}]
["云南省卫生健康综合监督中心","530000241100002220922","行政人员绩效奖","2100402","卫生监督机构","30103","奖金",{"v":1887606,"d":"1,887,606.00"},{"v":1887606,"d":"1,887,606.00"},{"v":471901.5,"d":"471,901.50"},null,{"v":1415704.5,"d":"1,415,704.50"}]
["合  计",{"$nulls":6},{"v":16044952.02,"d":"16,044,952.02"},{"v":16044952.02,"d":"16,044,952.02"},{"v":4022193.15,"d":"4,022,193.15"},null,{"v":12022758.87,"d":"12,022,758.87"}]

{"sheet":"部门项目支出预算表05-1","index":7,"n_rows":38,"n_cols":23,"rows_kept":38,"merged":[[1,0,1,22],[2,0,2,8],[3,0,5,0],[3,1,5,1],[3,2,5,2],[3,3,5,3],[3,4,5,4],[3,5,5,5],[3,6,5,6],[3,7,5,7],[3,8,5,8],[3,9,3,12],[3,13,3,15],[3,16,5,16],[3,17,3,22],[4,9,4,10],[4,11,5,11],[4,12,5,12],[4,13,5,13],[4,14,5,14],[4,15,5,15],[4,17,5,17],[4,18,5,18],[4,19,5,19],[4,20,5,20],[4,21,5,21],[4,22,5,22],[37,0,37,7]]}
[{"$nulls":22},"预算05-1表"]
["2026年部门项目支出预算表"]
[{"$f":"\"单位名称：\"&\"云南省卫生健康综合监督中心\"","v":"单位名称：云南省卫生健康综合监督中心"},"单位名称：云南省卫生健康综合监督中心",{"$nulls":20},"单位：元"]
["项目分类","项目代码","项目名称","项目单位","功能科目编码","功能科目名称","经济科目编码","经济科目名称","合计","本年拨款",{"$nulls":3},"财政拨款结转结余",null,null,"财政专户管理资金","单位资金"]
[{"$nulls":9},"一般公共预算",null,"政府性基金预算","国有资本经营预算","一般公共预算","政府性基金预算","国有资本经营预算",null,"小计","事业收入","事业单位\n经营收入","上级补助收入","附属单位上缴收入","其他收入"]
[{"$nulls":9},"小计","其中：本次下达"]
[1,2,3,4,5,6,7,8,9,10,11,12,13,14,15,16,17,18,19,20,21,22,23]
[null,null,"2025年基本公共卫生中央补助资金",{"$nulls":5},{"v":18900,"d":"18,900.00"},{"$nulls":4},{"v":18900,"d":"18,900.00"}]
["事业发展类","530000251100003859623","2025年基本公共卫生中央补助资金","云南省卫生健康综合监督中心","2100408","基本公共卫生服务","30211","差旅费",{"v":18100,"d":"18,100.00"},{"$nulls":4},{"v":18100,"d":"18,100.00"}]
["事业发展类","530000251100003859623","2025年基本公共卫生中央补助资金","云南省卫生健康综合监督中心","2100408","基本公共卫生服务","30216","培训费",{"v":800,"d":"800.00"},{"$nulls":4},{"v":800,"d":"800.00"}]
[null,null,"2025年重大公共卫生补助资金",{"$nulls":5},{"v":6049,"d":"6,049.00"},{"$nulls":4},{"v":6049,"d":"6,049.00"}]
["事业发展类","530000251100003859691","2025年重大公共卫生补助资金","云南省卫生健康综合监督中心","2100409","重大公共卫生服务","30216","培训费",{"v":3469,"d":"3,469.00"},{"$nulls":4},{"v":3469,"d":"3,469.00"}]
["事业发展类","530000251100003859691","2025年重大公共卫生补助资金","云南省卫生健康综合监督中心","2100409","重大公共卫生服务","30226","劳务费",{"v":2475,"d":"2,475.00"},{"$nulls":4},{"v":2475,"d":"2,475.00"}]
["事业发展类","530000251100003859691","2025年重大公共卫生补助资金","云南省卫生健康综合监督中心","2100409","重大公共卫生服务","30299","其他商品和服务支出",{"v":105,"d":"105.00"},{"$nulls":4},{"v":105,"d":"105.00"}]
[null,null,"其他人员支出",{"$nulls":5},{"v":633600,"d":"633,600.00"},{"v":633600,"d":"633,600.00"},{"v":633600,"d":"633,600.00"}]
["民生类","530000231100001110904","其他人员支出","云南省卫生健康综合监督中心","2100402","卫生监督机构","30199","其他工资福利支出",{"v":633600,"d":"633,600.00"},{"v":633600,"d":"633,600.00"},{"v":633600,"d":"633,600.00"}]
[null,null,"卫生健康综合监督专项资金",{"$nulls":5},{"v":4192340,"d":"4,192,340.00"},{"v":4000000,"d":"4,000,000.00"},{"v":4000000,"d":"4,000,000.00"},null,null,{"v":192340,"d":"192,340.00"}]
["事业发展类","530000210000000039956","卫生健康综合监督专项资金","云南省卫生健康综合监督中心","2100402","卫生监督机构","30202","印刷费",{"v":140234,"d":"140,234.00"},{"v":140234,"d":"140,234.00"},{"v":140234,"d":"140,234.00"}]
["事业发展类","530000210000000039956","卫生健康综合监督专项资金","云南省卫生健康综合监督中心","2100402","卫生监督机构","30211","差旅费",{"v":644320,"d":"644,320.00"},{"v":644320,"d":"644,320.00"},{"v":644320,"d":"644,320.00"}]
["事业发展类","530000210000000039956","卫生健康综合监督专项资金","云南省卫生健康综合监督中心","2100402","卫生监督机构","30213","维修（护）费",{"v":212520,"d":"212,520.00"},{"v":160000,"d":"160,000.00"},{"v":160000,"d":"160,000.00"},null,null,{"v":52520,"d":"52,520.00"}]
["事业发展类","530000210000000039956","卫生健康综合监督专项资金","云南省卫生健康综合监督中心","2100402","卫生监督机构","30214","租赁费",{"v":323800,"d":"323,800.00"},{"v":265000,"d":"265,000.00"},{"v":265000,"d":"265,000.00"},null,null,{"v":58800,"d":"58,800.00"}]
["事业发展类","530000210000000039956","卫生健康综合监督专项资金","云南省卫生健康综合监督中心","2100402","卫生监督机构","30216","培训费",{"v":794400,"d":"794,400.00"},{"v":794400,"d":"794,400.00"},{"v":794400,"d":"794,400.00"}]
["事业发展类","530000210000000039956","卫生健康综合监督专项资金","云南省卫生健康综合监督中心","2100402","卫生监督机构","30218","专用材料费",{"v":172046,"d":"172,046.00"},{"v":172046,"d":"172,046.00"},{"v":172046,"d":"172,046.00"}]
["事业发展类","530000210000000039956","卫生健康综合监督专项资金","云南省卫生健康综合监督中心","2100402","卫生监督机构","30226","劳务费",{"v":16200,"d":"16,200.00"},{"v":16200,"d":"16,200.00"},{"v":16200,"d":"16,200.00"}]
["事业发展类","530000210000000039956","卫生健康综合监督专项资金","云南省卫生健康综合监督中心","2100402","卫生监督机构","30227","委托业务费",{"v":405050,"d":"405,050.00"},{"v":405050,"d":"405,050.00"},{"v":405050,"d":"405,050.00"}]
["事业发展类","530000210000000039956","卫生健康综合监督专项资金","云南省卫生健康综合监督中心","2100402","卫生监督机构","30299","其他商品和服务支出",{"v":320500,"d":"320,500.00"},{"v":320500,"d":"320,500.00"},{"v":320500,"d":"320,500.00"}]
["事业发展类","530000210000000039956","卫生健康综合监督专项资金","云南省卫生健康综合监督中心","2100402","卫生监督机构","30907","信息网络及软件购置更新",{"v":11000,"d":"11,000.00"},{"v":11000,"d":"11,000.00"},{"v":11000,"d":"11,000.00"}]
["事业发展类","530000210000000039956","卫生健康综合监督专项资金","云南省卫生健康综合监督中心","2100402","卫生监督机构","31002","办公设备购置",{"v":1147270,"d":"1,147,270.00"},{"v":1071250,"d":"1,071,250.00"},{"v":1071250,"d":"1,071,250.00"},null,null,{"v":76020,"d":"76,020.00"}]
["事业发展类","530000210000000039956","卫生健康综合监督专项资金","云南省卫生健康综合监督中心","2100402","卫生监督机构","31007","信息网络及软件购置更新",{"v":5000,"d":"5,000.00"},{"$nulls":4},{"v":5000,"d":"5,000.00"}]
[null,null,"云南省卫生健康综合监督中心发展项目资金",{"$nulls":5},{"v":90000,"d":"90,000.00"},{"$nulls":8},{"v":90000,"d":"90,000.00"},null,null,{"v":90000,"d":"90,000.00"}]
["事业发展类","530000261100004405326","云南省卫生健康综合监督中心发展项目资金","云南省卫生健康综合监督中心","2100402","卫生监督机构","30204","手续费",{"v":850,"d":"850.00"},{"$nulls":8},{"v":850,"d":"850.00"},null,null,{"v":850,"d":"850.00"}]
["事业发展类","530000261100004405326","云南省卫生健康综合监督中心发展项目资金","云南省卫生健康综合监督中心","2100402","卫生监督机构","30211","差旅费",{"v":89150,"d":"89,150.00"},{"$nulls":8},{"v":89150,"d":"89,150.00"},null,null,{"v":89150,"d":"89,150.00"}]
[null,null,"政务信息化建设项目补助资金",{"$nulls":5},{"v":240000,"d":"240,000.00"},{"v":240000,"d":"240,000.00"},{"v":240000,"d":"240,000.00"}]
["事业发展类","530000261100005167145","政务信息化建设项目补助资金","云南省卫生健康综合监督中心","2100402","卫生监督机构","31007","信息网络及软件购置更新",{"v":240000,"d":"240,000.00"},{"v":240000,"d":"240,000.00"},{"v":240000,"d":"240,000.00"}]
[null,null,"政务信息化运维服务项目补助资金",{"$nulls":5},{"v":1702850,"d":"1,702,850.00"},{"v":1702850,"d":"1,702,850.00"},{"v":1702850,"d":"1,702,850.00"}]
["专业信息系统运行维护费","530000251100003279035","政务信息化运维服务项目补助资金","云南省卫生健康综合监督中心","2100402","卫生监督机构","30213","维修（护）费",{"v":1642050,"d":"1,642,050.00"},{"v":1642050,"d":"1,642,050.00"},{"v":1642050,"d":"1,642,050.00"}]
["专业信息系统运行维护费","530000251100003279035","政务信息化运维服务项目补助资金","云南省卫生健康综合监督中心","2100402","卫生监督机构","30214","租赁费",{"v":60800,"d":"60,800.00"},{"v":60800,"d":"60,800.00"},{"v":60800,"d":"60,800.00"}]
["合  计",{"$nulls":7},{"v":6883739,"d":"6,883,739.00"},{"v":6576450,"d":"6,576,450.00"},{"v":6576450,"d":"6,576,450.00"},null,null,{"v":217289,"d":"217,289.00"},{"$nulls":3},{"v":90000,"d":"90,000.00"},null,null,{"v":90000,"d":"90,000.00"}]

{"sheet":"部门项目支出绩效目标表05-2","index":8,"n_rows":32,"n_cols":10,"rows_kept":32,"merged":[[1,0,1,9],[2,0,2,7],[6,0,8,0],[6,1,8,1],[9,0,13,0],[9,1,13,1],[14,0,25,0],[14,1,25,1],[26,0,28,0],[26,1,28,1],[29,0,31,0],[29,1,31,1]]}
[{"$nulls":9},"预算05-2表"]
["2026年部门项目支出绩效目标表"]
[{"$f":"\"单位名称：\"&\"云南省卫生健康综合监督中心\"","v":"单位名称：云南省卫生健康综合监督中心"}]
["单位名称、项目名称","项目年度绩效目标","一级指标","二级指标","三级指标","指标性质","指标值","度量单位","指标属性","指标内容"]
[1,2,3,4,5,6,7,8,9,10]
["云南省卫生健康综合监督中心"]
["政务信息化建设项目补助资金","云南省医疗机构放射诊疗依法执业在线监管系统二期建设，目标是拟在一期建设的基础上，新建手机端微信小程序，实现对机构、设备、人员等基本信息的移动查询；新建智能数据分析模块，实现对辖区放射诊疗机构许可情况、设备信息、放射工作人员信息等机构基本信息的实时展示，同时建立公告、公示发布模块，实现对放射诊疗最新的法规、公告、公示的展示、查询，实现宣传及普法等功能。","产出指标","质量指标","用户活跃度",">=","85","%","定量指标","反映云南省医疗机构放射诊疗依法执业在线监管系统用户活跃度。"]
["政务信息化建设项目补助资金","云南省医疗机构放射诊疗依法执业在线监管系统二期建设，目标是拟在一期建设的基础上，新建手机端微信小程序，实现对机构、设备、人员等基本信息的移动查询；新建智能数据分析模块，实现对辖区放射诊疗机构许可情况、设备信息、放射工作人员信息等机构基本信息的实时展示，同时建立公告、公示发布模块，实现对放射诊疗最新的法规、公告、公示的展示、查询，实现宣传及普法等功能。","效益指标","可持续影响","系统正常使用年限",">=","5","年","定量指标","反映该系统正常使用期限。"]
["政务信息化建设项目补助资金","云南省医疗机构放射诊疗依法执业在线监管系统二期建设，目标是拟在一期建设的基础上，新建手机端微信小程序，实现对机构、设备、人员等基本信息的移动查询；新建智能数据分析模块，实现对辖区放射诊疗机构许可情况、设备信息、放射工作人员信息等机构基本信息的实时展示，同时建立公告、公示发布模块，实现对放射诊疗最新的法规、公告、公示的展示、查询，实现宣传及普法等功能。","满意度指标","服务对象满意度","用户满意度",">=","95","%","定量指标","反映用户对信息系统使用的满意度。\n用户满意度=（对信息系统满意的使用人员/问卷调查人数）*100%"]
["政务信息化运维服务项目补助资金","1.做好中心信息系统运维工作。确保云南省卫生健康执法监督综合管理平台、OA自动化办公系统、（钉钉）全省卫生监督管理培训平台、饮用水卫生在线监测系统、云南省游泳池水质在线监测平台、云南省医疗机构依法执业自查管理系统、云南省医疗机构放射诊疗依法执业在线监管系统等信息系统安全稳定运行，确保全省卫生监督数据存储安全，保障中心机房正常运维。\n2.做好网络安全工作。根据网络安全等保二级2年测评1次的要求，对云南省卫生健康执法监督综合管理平台、全省卫生监督管理培训平台、卫生监督大数据分析平台、云南省游泳池水质在线监测平台、云南省医疗机构放射诊疗依法执业在线监管系统等5个信息系统进行网络安全等保二级测评和商用密码安全性评估。\n3.做好专线接入工作。确保200M互联网专线正常接入，保障OA自动化办公系统、饮用水卫生在线监测系统能够顺畅访问，保障全中心职工正常办公上网。","产出指标","数量指标","完成网络安全等级保测评系统数量",">=","5","个","定量指标","反映完成网络安全等级保测评系统个数。"]
["政务信息化运维服务项目补助资金","1.做好中心信息系统运维工作。确保云南省卫生健康执法监督综合管理平台、OA自动化办公系统、（钉钉）全省卫生监督管理培训平台、饮用水卫生在线监测系统、云南省游泳池水质在线监测平台、云南省医疗机构依法执业自查管理系统、云南省医疗机构放射诊疗依法执业在线监管系统等信息系统安全稳定运行，确保全省卫生监督数据存储安全，保障中心机房正常运维。\n2.做好网络安全工作。根据网络安全等保二级2年测评1次的要求，对云南省卫生健康执法监督综合管理平台、全省卫生监督管理培训平台、卫生监督大数据分析平台、云南省游泳池水质在线监测平台、云南省医疗机构放射诊疗依法执业在线监管系统等5个信息系统进行网络安全等保二级测评和商用密码安全性评估。\n3.做好专线接入工作。确保200M互联网专线正常接入，保障OA自动化办公系统、饮用水卫生在线监测系统能够顺畅访问，保障全中心职工正常办公上网。","产出指标","质量指标","全年信息数据安全率",">=","95","%","定量指标","反映全年信息系统相关数据安全的保障情况。"]
["政务信息化运维服务项目补助资金","1.做好中心信息系统运维工作。确保云南省卫生健康执法监督综合管理平台、OA自动化办公系统、（钉钉）全省卫生监督管理培训平台、饮用水卫生在线监测系统、云南省游泳池水质在线监测平台、云南省医疗机构依法执业自查管理系统、云南省医疗机构放射诊疗依法执业在线监管系统等信息系统安全稳定运行，确保全省卫生监督数据存储安全，保障中心机房正常运维。\n2.做好网络安全工作。根据网络安全等保二级2年测评1次的要求，对云南省卫生健康执法监督综合管理平台、全省卫生监督管理培训平台、卫生监督大数据分析平台、云南省游泳池水质在线监测平台、云南省医疗机构放射诊疗依法执业在线监管系统等5个信息系统进行网络安全等保二级测评和商用密码安全性评估。\n3.做好专线接入工作。确保200M互联网专线正常接入，保障OA自动化办公系统、饮用水卫生在线监测系统能够顺畅访问，保障全中心职工正常办公上网。","产出指标","质量指标","系统全年正常运行率",">=","99","%","定量指标","反映信息系统全年正常运行时间情况。"]
["政务信息化运维服务项目补助资金","1.做好中心信息系统运维工作。确保云南省卫生健康执法监督综合管理平台、OA自动化办公系统、（钉钉）全省卫生监督管理培训平台、饮用水卫生在线监测系统、云南省游泳池水质在线监测平台、云南省医疗机构依法执业自查管理系统、云南省医疗机构放射诊疗依法执业在线监管系统等信息系统安全稳定运行，确保全省卫生监督数据存储安全，保障中心机房正常运维。\n2.做好网络安全工作。根据网络安全等保二级2年测评1次的要求，对云南省卫生健康执法监督综合管理平台、全省卫生监督管理培训平台、卫生监督大数据分析平台、云南省游泳池水质在线监测平台、云南省医疗机构放射诊疗依法执业在线监管系统等5个信息系统进行网络安全等保二级测评和商用密码安全性评估。\n3.做好专线接入工作。确保200M互联网专线正常接入，保障OA自动化办公系统、饮用水卫生在线监测系统能够顺畅访问，保障全中心职工正常办公上网。","效益指标","可持续影响","系统正常使用年限",">=","3","年","定量指标","反映系统正常使用期限。"]
["政务信息化运维服务项目补助资金","1.做好中心信息系统运维工作。确保云南省卫生健康执法监督综合管理平台、OA自动化办公系统、（钉钉）全省卫生监督管理培训平台、饮用水卫生在线监测系统、云南省游泳池水质在线监测平台、云南省医疗机构依法执业自查管理系统、云南省医疗机构放射诊疗依法执业在线监管系统等信息系统安全稳定运行，确保全省卫生监督数据存储安全，保障中心机房正常运维。\n2.做好网络安全工作。根据网络安全等保二级2年测评1次的要求，对云南省卫生健康执法监督综合管理平台、全省卫生监督管理培训平台、卫生监督大数据分析平台、云南省游泳池水质在线监测平台、云南省医疗机构放射诊疗依法执业在线监管系统等5个信息系统进行网络安全等保二级测评和商用密码安全性评估。\n3.做好专线接入工作。确保200M互联网专线正常接入，保障OA自动化办公系统、饮用水卫生在线监测系统能够顺畅访问，保障全中心职工正常办公上网。","满意度指标","服务对象满意度","使用人员满意度",">=","95","%","定量指标","反映使用对象对信息系统使用的满意度。\n使用人员满意度=（对信息系统满意的使用人员/问卷调查人数）*100%"]
["卫生健康综合监督专项资金","坚决落实党中央、国务院决策部署和省委、省政府工作要求，切实把人民生命安全和身体健康放在第一位，全力以赴做好卫生监督各项工作。持续加强医疗卫生、传染病防治和公共卫生的监管力度，强化队伍和能力建设，开展2026年层级稽查、法律法规宣传，充分利用“云南卫监视角”新媒体平台讲好卫监故事、普法释惑。进一步规范执法行为，提升执法队伍业务水平和履职尽责能力，增强人民群众对健康生活的获得感、满足感。\n2026年度绩效目标是：1.综合卫生监督及法律法规宣传方面，现场指导州市卫生监督工作次数大于等于34次，双随机监督抽查任务完结率大于等于95%，母婴保健技术服务机构监督覆盖率等于100%，省管医院传染病防治监督覆盖率等于100%，国家随机监督抽查结果公开率等于100%，医疗卫生和公共卫生检查核查发现问题整改落实率大于等于90%，线上及线下培训参训率大于等于1000人次，线上及线下培训参训率大于等于95%，参训满意度大于等于90%，组织开展法律法规宣传日活动大于等于3次；2.卫生监督新媒体宣传方面，制作宣传短视频，全年制作数不少于106条；拍摄宣传片、专题片，全年不少于4部；策划线上专题活动，全年不少于1次；3.卫生监督综合业务保障方面，向社会购买服务、省级监督制服定制、监督检查车辆保障，严格执行政府采购相关规定，设备采购验收通过率100%。\n","产出指标","数量指标","组织开展法律法规宣传日活动",">=","3","次","定量指标","反映组织宣传活动次数的情况。"]
["卫生健康综合监督专项资金",null,"产出指标","数量指标","现场指导州市卫生监督工作次数",">=","34","次","定量指标","反映检查督导州市次数情况。"]
["卫生健康综合监督专项资金",null,"产出指标","数量指标","培训参加人次（线上+线下）",">=","1000","人次","定量指标","反映预算单位组织开展各类培训参加人次。"]
["卫生健康综合监督专项资金",null,"产出指标","数量指标","双随机监督抽查任务完结率",">=","95","%","定量指标","反映检查工作的执行情况。检查任务完成率=实际完成检查（核查）任务数/计划完成检查（核查）任务数*100% "]
["卫生健康综合监督专项资金",null,"产出指标","质量指标","设备采购验收通过率",">=","95","%","定量指标","反映设备购置的产品质量情况。\n验收通过率=（通过验收的购置数量/购置总数量）*100%。"]
["卫生健康综合监督专项资金",null,"产出指标","质量指标","母婴保健技术服务机构监督覆盖率","=","100","%","定量指标","反映对省卫健委发证的母婴保健技术服务机构及人类辅助生殖技术服务机构监督检查覆盖面情况。（昆明地区的100%；其他州市的30%）检查（抽查）覆盖率=实际完成检查（抽查）覆盖面/检查（抽查）计划覆盖面*100%"]
["卫生健康综合监督专项资金",null,"产出指标","质量指标","省管医院传染病防治监督覆盖率","=","100","%","定量指标","反映省管医疗机构院感监督检测工作覆盖面情况。\n检查（核查）覆盖率=实际完成检查（核查）覆盖面/检查（核查）计划覆盖面*100%"]
["卫生健康综合监督专项资金",null,"产出指标","质量指标","线上及线下培训参训率",">=","95","%","定量指标","反映预算部门（单位）在组织开展各类培训预计参训情况。\n参训率=（年参训人数/应参训人数）*100%。"]
["卫生健康综合监督专项资金",null,"产出指标","质量指标","系统全年正常运行率",">=","99","%","定量指标","反映信息系统全年正常运行时间情况。"]
["卫生健康综合监督专项资金",null,"效益指标","社会效益","国家随机监督抽查结果公开率","=","100","%","定量指标","反映国家随机监督抽查结果依法公开情况。\n检查结果公开率"]
["卫生健康综合监督专项资金",null,"效益指标","可持续影响","检查核查问题整改落实率",">=","90","%","定量指标","反映医疗卫生和公共卫生检查核查发现问题的整改落实情况。\n问题整改落实率=（实际整改问题数/现场检查发现问题数）*100%"]
["卫生健康综合监督专项资金",null,"满意度指标","服务对象满意度","参训人员满意度",">=","90","%","定量指标","反映参训人员对培训内容、讲师授课、课程设置和培训效果等的满意度。\n参训人员满意度=（对培训整体满意的参训人数/参训总人数）*100%"]
["云南省卫生健康综合监督中心发展项目资金","国家疾病预防控制局综合监督一司就《卫生健康监督数据质量控制分中心日常管理》委托省监督中心实施。2026年度目标是对已生效的传染病和公共卫生监督信息进行数据合理性的审查和质控把关，更新系统监控指标，进一步提高卫生健康监督信息数据质量，客观反映卫生健康监督的工作情况，为卫生健康监督执法和管理决策提供数据支撑。","产出指标","数量指标","异常数据反馈完成率",">=","99","%","定量指标","将异常数据反馈抽查单位进行确认的比率。"]
["云南省卫生健康综合监督中心发展项目资金","国家疾病预防控制局综合监督一司就《卫生健康监督数据质量控制分中心日常管理》委托省监督中心实施。2026年度目标是对已生效的传染病和公共卫生监督信息进行数据合理性的审查和质控把关，更新系统监控指标，进一步提高卫生健康监督信息数据质量，客观反映卫生健康监督的工作情况，为卫生健康监督执法和管理决策提供数据支撑。","产出指标","质量指标","卫生健康监督数据质控验收合格率","=","95","%","定量指标","委托办事工作完成后，乙方在1个月内提交委托业务绩效报告；甲方自收到书稿后在1个月内，及时组织进行绩效评价，并将绩效报告交付乙方"]
["云南省卫生健康综合监督中心发展项目资金","国家疾病预防控制局综合监督一司就《卫生健康监督数据质量控制分中心日常管理》委托省监督中心实施。2026年度目标是对已生效的传染病和公共卫生监督信息进行数据合理性的审查和质控把关，更新系统监控指标，进一步提高卫生健康监督信息数据质量，客观反映卫生健康监督的工作情况，为卫生健康监督执法和管理决策提供数据支撑。","效益指标","可持续影响","质控分中心正常运转年限",">=","3","年","定量指标","反映质控分中心正常运转年限。"]
["其他人员支出","2026年度将继续认真落实国家和省委、省政府文件精神，不断加强队伍建设，切实履行职责，根据工作需要，使用部分编外人员参加执法辅助工作，充实人员队伍。","产出指标","质量指标","兑现准确率","=","100","%","定量指标","反映劳务派遣费准确支付兑现的情况。\n兑现准确率=劳务派遣费兑付额/应付额*100%"]
["其他人员支出",null,"效益指标","社会效益","带动就业人数",">=","10","人","定量指标","反映项目实施后带动社会受益人群就业情况。"]
["其他人员支出","2026年度将继续认真落实国家和省委、省政府文件精神，不断加强队伍建设，切实履行职责，根据工作需要，使用部分编外人员参加执法辅助工作，充实人员队伍。","满意度指标","服务对象满意度","受益对象满意度",">=","90","%","定量指标","反映受益对象的满意程度。"]

{"sheet":"部门政府性基金预算表06","index":9,"n_rows":9,"n_cols":6,"rows_kept":9,"merged":[[1,0,1,5],[3,0,4,0],[3,1,4,1],[3,2,4,2],[3,3,3,5],[7,0,7,2]]}
[{"$nulls":5},"预算06表"]
["2026年政府性基金预算支出预算表"]
[{"$f":"\"单位名称：\"&\"云南省卫生健康综合监督中心\"","v":"单位名称：云南省卫生健康综合监督中心"},{"$nulls":4},"单位：元"]
["单位名称","科目编码","科目名称","政府性基金预算支出"]
[{"$nulls":3},"合计","基本支出","项目支出"]
[1,2,3,4,5,6]
[]
["合  计",null,"合  计"]
["注：云南省卫生健康综合监督中心不涉及"]

{"sheet":"部门政府采购预算表07","index":10,"n_rows":27,"n_cols":17,"rows_kept":27,"merged":[[1,0,1,16],[2,0,2,5],[3,0,5,0],[3,1,5,1],[3,2,5,2],[3,3,5,3],[3,4,5,4],[3,5,5,5],[3,6,3,16],[4,6,5,6],[4,7,5,7],[4,8,5,8],[4,9,5,9],[4,10,5,10],[4,11,4,16],[26,0,26,4]]}
[{"$nulls":16},"预算07表"]
["2026年部门政府采购预算表"]
[{"$f":"\"单位名称：\"&\"云南省卫生健康综合监督中心\"","v":"单位名称：云南省卫生健康综合监督中心"},{"$nulls":15},"单位：元"]
["预算项目","采购项目","采购品目","计量\n单位","数量","面向中小企业预留资金","资金来源"]
[{"$nulls":6},"合计","一般公共预算","政府性\n基金","国有资本经营收益","财政专户管理的收入","单位自筹"]
[{"$nulls":7},"小计",{"$nulls":3},"小计","事业收入","事业单位\n经营收入","上级补助收入","附属单位上缴收入","其他收入"]
[1,2,3,4,5,6,7,8,9,10,11,12,13,14,15,16,17]
["云南省卫生健康综合监督中心",{"$nulls":4},{"v":790800,"d":"790,800.00"},{"v":790800,"d":"790,800.00"},{"v":790800,"d":"790,800.00"}]
["公车购置及运维费","车辆加油添加燃料服务","C23120302 车辆加油、添加燃料服务","项",1,{"v":20000,"d":"20,000.00"},{"v":20000,"d":"20,000.00"},{"v":20000,"d":"20,000.00"}]
["公车购置及运维费","车辆维修和保养服务","C23120301 车辆维修和保养服务","项",1,{"v":28000,"d":"28,000.00"},{"v":28000,"d":"28,000.00"},{"v":28000,"d":"28,000.00"}]
["公车购置及运维费","机动车保险服务","C1804010201 机动车保险服务","项",1,{"v":16600,"d":"16,600.00"},{"v":16600,"d":"16,600.00"},{"v":16600,"d":"16,600.00"}]
["卫生健康综合监督专项资金","黑白打印机（A4）","A02021003 A4黑白打印机","台",6,{"v":9000,"d":"9,000.00"},{"v":9000,"d":"9,000.00"},{"v":9000,"d":"9,000.00"}]
["卫生健康综合监督专项资金","LED显示屏","A02021103 LED显示屏","套",2,{"v":300000,"d":"300,000.00"},{"v":300000,"d":"300,000.00"},{"v":300000,"d":"300,000.00"}]
["卫生健康综合监督专项资金","办公椅","A05010301 办公椅","把",42,{"v":33600,"d":"33,600.00"},{"v":33600,"d":"33,600.00"},{"v":33600,"d":"33,600.00"}]
["卫生健康综合监督专项资金","保密文件柜","A05010504 保密柜","个",13,{"v":45500,"d":"45,500.00"},{"v":45500,"d":"45,500.00"},{"v":45500,"d":"45,500.00"}]
["卫生健康综合监督专项资金","保密箱","A05010504 保密柜","个",1,{"v":3500,"d":"3,500.00"},{"v":3500,"d":"3,500.00"},{"v":3500,"d":"3,500.00"}]
["卫生健康综合监督专项资金","单人沙发","A05010402 单人沙发","个",8,{"v":8000,"d":"8,000.00"},{"v":8000,"d":"8,000.00"},{"v":8000,"d":"8,000.00"}]
["卫生健康综合监督专项资金","普通黑白复印机","A02020100 复印机","台",2,{"v":40000,"d":"40,000.00"},{"v":40000,"d":"40,000.00"},{"v":40000,"d":"40,000.00"}]
["卫生健康综合监督专项资金","印刷服务","C2309019901 公文用纸、资料汇编、信封印刷服务","项",1,{"v":50000,"d":"50,000.00"},{"v":50000,"d":"50,000.00"},{"v":50000,"d":"50,000.00"}]
["卫生健康综合监督专项资金","会议椅","A05010303 会议椅","把",50,{"v":40000,"d":"40,000.00"},{"v":40000,"d":"40,000.00"},{"v":40000,"d":"40,000.00"}]
["卫生健康综合监督专项资金","会议桌","A05010202 会议桌","组",7,{"v":54600,"d":"54,600.00"},{"v":54600,"d":"54,600.00"},{"v":54600,"d":"54,600.00"}]
["卫生健康综合监督专项资金","铁长排椅","A05010399 其他椅凳类","个",3,{"v":6000,"d":"6,000.00"},{"v":6000,"d":"6,000.00"},{"v":6000,"d":"6,000.00"}]
["卫生健康综合监督专项资金","三人沙发","A05010401 三人沙发","个",20,{"v":40000,"d":"40,000.00"},{"v":40000,"d":"40,000.00"},{"v":40000,"d":"40,000.00"}]
["卫生健康综合监督专项资金","碎纸机","A02021301 碎纸机","个",1,{"v":1000,"d":"1,000.00"},{"v":1000,"d":"1,000.00"},{"v":1000,"d":"1,000.00"}]
["卫生健康综合监督专项资金","台式电脑","A02010105 台式计算机","台",14,{"v":84000,"d":"84,000.00"},{"v":84000,"d":"84,000.00"},{"v":84000,"d":"84,000.00"}]
["卫生健康综合监督专项资金","计算机终端保密检查、清除系统","A0806039901 信息安全软件","个",1,{"v":11000,"d":"11,000.00"},{"v":11000,"d":"11,000.00"},{"v":11000,"d":"11,000.00"}]
["合  计",{"$nulls":4},{"v":790800,"d":"790,800.00"},{"v":790800,"d":"790,800.00"},{"v":790800,"d":"790,800.00"}]

{"sheet":"部门政府购买服务预算表08","index":11,"n_rows":11,"n_cols":14,"rows_kept":11,"merged":[[1,0,1,13],[2,0,2,2],[3,0,5,0],[3,1,5,1],[3,2,5,2],[3,3,3,13],[4,3,5,3],[4,4,5,4],[4,5,5,5],[4,6,5,6],[4,7,5,7],[4,8,4,13],[9,0,9,2]]}
[{"$nulls":13},"预算08表"]
["2026年部门政府购买服务预算表"]
[{"$f":"\"单位名称：\"&\"云南省卫生健康综合监督中心\"","v":"单位名称：云南省卫生健康综合监督中心"},{"$nulls":12},"单位：元"]
["预算项目","政府购买服务项目","政府购买服务目录","资金来源"]
[{"$nulls":3},"合计","一般公共预算","政府性\n基金","国有资本经营收益","财政专户管理的收入","单位自筹"]
[{"$nulls":8},"小计","事业收入","事业单位\n经营收入","上级补助收入","附属单位上缴收入","其他收入"]
[1,2,3,4,5,6,7,8,9,10,11,12,13,14]
[]
[]
["合  计"]
["注：云南省卫生健康综合监督中心不涉及"]

{"sheet":"省对下转移支付预算表09-1","index":12,"n_rows":9,"n_cols":24,"rows_kept":9,"merged":[[1,0,1,23],[2,0,2,8],[3,0,4,0],[3,1,3,3],[3,4,3,23]]}
[{"$nulls":23},"预算09-1表"]
["2026年省对下转移支付预算表"]
[{"$f":"\"单位名称：\"&\"云南省卫生健康综合监督中心\"","v":"单位名称：云南省卫生健康综合监督中心"},{"$nulls":22},"单位：元"]
["单位名称（项目）","资金来源",null,null,"地区"]
[null,"合计","一般公共预算","政府性基金","昆明","昭通","曲靖","玉溪","红河","文山","普洱","西双版纳","楚雄","大理","保山","德宏","丽江","怒江","迪庆","临沧","宣威","腾冲","镇雄","未分配到地区数"]
[1,2,3,4,5,6,7,8,9,10,11,12,13,14,15,16,17,18,19,20,21,22,23,24]
[]
[]
["注：云南省卫生健康综合监督中心不涉及"]

{"sheet":"省对下转移支付绩效目标表09-2","index":13,"n_rows":8,"n_cols":10,"rows_kept":8,"merged":[[1,0,1,9],[2,0,2,7]]}
[{"$nulls":9},"预算09-2表"]
["2026年省对下转移支付绩效目标表"]
[{"$f":"\"单位名称：\"&\"云南省卫生健康综合监督中心\"","v":"单位名称：云南省卫生健康综合监督中心"}]
["单位名称、项目名称","项目年度绩效目标","一级指标","二级指标","三级指标","指标性质","指标值","度量单位","指标属性","指标内容"]
[1,2,3,4,5,6,7,8,9,10]
[]
[]
["注：云南省卫生健康综合监督中心不涉及"]

{"sheet":"新增资产配置表10","index":14,"n_rows":38,"n_cols":8,"rows_kept":38,"merged":[[1,0,1,7],[3,0,4,0],[3,1,4,1],[3,2,4,2],[3,3,4,3],[3,4,4,4],[3,5,3,7],[36,0,36,4],[37,0,37,7]]}
[{"$nulls":7},"预算10表"]
["2026年新增资产配置表"]
[{"$f":"\"单位名称：\"&\"云南省卫生健康综合监督中心\"","v":"单位名称：云南省卫生健康综合监督中心"}]
["单位名称","资产类别","资产分类代码.名称","资产名称","计量单位","财政部门批复数（元）"]
[{"$nulls":5},"数量","单价","金额"]
["1","2","3","4","5","6","7","8"]
["云南省卫生健康综合监督中心","设备","A02010105 台式计算机","台式电脑","台",14,{"v":6000,"d":"6,000.00"},{"v":84000,"d":"84,000.00"}]
["云南省卫生健康综合监督中心","设备","A02019900 其他信息化设备","数据采集站","台",2,{"v":8250,"d":"8,250.00"},{"v":16500,"d":"16,500.00"}]
["云南省卫生健康综合监督中心","设备","A02020100 复印机","普通黑白复印机","个",2,{"v":20000,"d":"20,000.00"},{"v":40000,"d":"40,000.00"}]
["云南省卫生健康综合监督中心","设备","A02020502 通用照相机","单反相机","台",1,{"v":25000,"d":"25,000.00"},{"v":25000,"d":"25,000.00"}]
["云南省卫生健康综合监督中心","设备","A02020502 通用照相机","普通相机","台",1,{"v":5000,"d":"5,000.00"},{"v":5000,"d":"5,000.00"}]
["云南省卫生健康综合监督中心","设备","A02020599 其他照相机及器材","闪光灯","个",1,{"v":6000,"d":"6,000.00"},{"v":6000,"d":"6,000.00"}]
["云南省卫生健康综合监督中心","设备","A02020600 执法记录仪","执法记录仪","部",35,{"v":1800,"d":"1,800.00"},{"v":63000,"d":"63,000.00"}]
["云南省卫生健康综合监督中心","设备","A02021003 A4黑白打印机","A4黑白打印机","台",6,{"v":1500,"d":"1,500.00"},{"v":9000,"d":"9,000.00"}]
["云南省卫生健康综合监督中心","设备","A02021103 LED显示屏","LED显示屏","套",2,{"v":150000,"d":"150,000.00"},{"v":300000,"d":"300,000.00"}]
["云南省卫生健康综合监督中心","设备","A02021301 碎纸机","碎纸机","台",1,{"v":1000,"d":"1,000.00"},{"v":1000,"d":"1,000.00"}]
["云南省卫生健康综合监督中心","设备","A02091003 特殊功能应用电视设备","智能电视视频会议一体机","台",2,{"v":30000,"d":"30,000.00"},{"v":60000,"d":"60,000.00"}]
["云南省卫生健康综合监督中心","设备","A02091203 音频功率放大器设备（功放设备）","功放","台",3,{"v":3626,"d":"3,626.00"},{"v":10878,"d":"10,878.00"}]
["云南省卫生健康综合监督中心","设备","A02091206 话筒设备","会议话筒","支",10,{"v":1010,"d":"1,010.00"},{"v":10100,"d":"10,100.00"}]
["云南省卫生健康综合监督中心","设备","A02091206 话筒设备","会议室无线话筒","套",1,{"v":2800,"d":"2,800.00"},{"v":2800,"d":"2,800.00"}]
["云南省卫生健康综合监督中心","设备","A02091211 音箱","音箱","个",6,{"v":2237,"d":"2,237.00"},{"v":13422,"d":"13,422.00"}]
["云南省卫生健康综合监督中心","设备","A02091299 其他音频设备","调音台","台",1,{"v":4320,"d":"4,320.00"},{"v":4320,"d":"4,320.00"}]
["云南省卫生健康综合监督中心","设备","A02091299 其他音频设备","会议话筒处理器","台",1,{"v":3350,"d":"3,350.00"},{"v":3350,"d":"3,350.00"}]
["云南省卫生健康综合监督中心","设备","A02091299 其他音频设备","全数字会议系统主机","组",1,{"v":20760,"d":"20,760.00"},{"v":20760,"d":"20,760.00"}]
["云南省卫生健康综合监督中心","设备","A02091299 其他音频设备","音频处理器","台",1,{"v":4920,"d":"4,920.00"},{"v":4920,"d":"4,920.00"}]
["云南省卫生健康综合监督中心","设备","A02370400 安全、检查、监视、报警设备","门禁系统","套",4,{"v":30000,"d":"30,000.00"},{"v":120000,"d":"120,000.00"}]
["云南省卫生健康综合监督中心","家具和用品","A05010202 会议桌","会议桌","组",7,{"v":7800,"d":"7,800.00"},{"v":54600,"d":"54,600.00"}]
["云南省卫生健康综合监督中心","家具和用品","A05010301 办公椅","办公椅","把",42,{"v":800,"d":"800.00"},{"v":33600,"d":"33,600.00"}]
["云南省卫生健康综合监督中心","家具和用品","A05010303 会议椅","会议椅","把",50,{"v":800,"d":"800.00"},{"v":40000,"d":"40,000.00"}]
["云南省卫生健康综合监督中心","家具和用品","A05010401 三人沙发","三人沙发","个",20,{"v":2000,"d":"2,000.00"},{"v":40000,"d":"40,000.00"}]
["云南省卫生健康综合监督中心","家具和用品","A05010401 三人沙发","铁长排椅（沙发椅）","个",3,{"v":2000,"d":"2,000.00"},{"v":6000,"d":"6,000.00"}]
["云南省卫生健康综合监督中心","家具和用品","A05010402 单人沙发","单人沙发","个",8,{"v":1000,"d":"1,000.00"},{"v":8000,"d":"8,000.00"}]
["云南省卫生健康综合监督中心","家具和用品","A05010504 保密柜","保密文件柜","个",13,{"v":3500,"d":"3,500.00"},{"v":45500,"d":"45,500.00"}]
["云南省卫生健康综合监督中心","家具和用品","A05010504 保密柜","保密箱","个",1,{"v":3500,"d":"3,500.00"},{"v":3500,"d":"3,500.00"}]
["云南省卫生健康综合监督中心","无形资产","A08060399 其他计算机软件","计算机终端保密检查、清除系统","套",1,{"v":11000,"d":"11,000.00"},{"v":11000,"d":"11,000.00"}]
["云南省卫生健康综合监督中心","无形资产","A08060399 其他计算机软件","云南省医疗机构放射诊疗依法执业在线监管系统二期","项",1,{"v":240000,"d":"240,000.00"},{"v":240000,"d":"240,000.00"}]
["合计",{"$nulls":4},241,null,{"v":1282250,"d":"1,282,250.00"}]
["注：涉及土地使用权、房屋、公务用车购置，按照现行相关管理制度规定报批，以职能部门审批意见为准。"]

{"sheet":"中央转移支付补助项目支出预算表11","index":15,"n_rows":19,"n_cols":11,"rows_kept":19,"merged":[[1,0,1,10],[2,0,2,6],[3,0,5,0],[3,1,5,1],[3,2,5,2],[3,3,5,3],[3,4,5,4],[3,5,5,5],[3,6,5,6],[3,7,5,7],[3,8,3,10],[4,8,5,8],[4,9,5,9],[4,10,5,10],[18,0,18,6]]}
[{"$nulls":10},"预算11表"]
["2026年中央转移支付补助项目支出预算表"]
[{"$f":"\"单位名称：\"&\"云南省卫生健康综合监督中心\"","v":"单位名称：云南省卫生健康综合监督中心"},{"$nulls":9},"单位：元"]
["项目分类","项目名称","项目单位","功能科目编码","功能科目名称","经济科目编码","经济科目名称","合计","上级补助"]
[{"$nulls":8},"一般公共预算","政府性基金预算","国有资本经营预算"]
[{"$nulls":8},"小计"]
[1,2,3,4,5,6,7,8,9,10,11]
[null,"2026年医疗服务与保障能力提升补助资金",{"$nulls":5},{"v":340000,"d":"340,000.00"},{"v":340000,"d":"340,000.00"}]
["事业发展类","2026年医疗服务与保障能力提升补助资金","云南省卫生健康综合监督中心","2101704","中医（民族医）药专项","30211","差旅费",{"v":111080,"d":"111,080.00"},{"v":111080,"d":"111,080.00"}]
["事业发展类","2026年医疗服务与保障能力提升补助资金","云南省卫生健康综合监督中心","2101704","中医（民族医）药专项","30214","租赁费",{"v":7000,"d":"7,000.00"},{"v":7000,"d":"7,000.00"}]
["事业发展类","2026年医疗服务与保障能力提升补助资金","云南省卫生健康综合监督中心","2101704","中医（民族医）药专项","30216","培训费",{"v":202500,"d":"202,500.00"},{"v":202500,"d":"202,500.00"}]
["事业发展类","2026年医疗服务与保障能力提升补助资金","云南省卫生健康综合监督中心","2101704","中医（民族医）药专项","30226","劳务费",{"v":6000,"d":"6,000.00"},{"v":6000,"d":"6,000.00"}]
["事业发展类","2026年医疗服务与保障能力提升补助资金","云南省卫生健康综合监督中心","2101704","中医（民族医）药专项","30299","其他商品和服务支出",{"v":13420,"d":"13,420.00"},{"v":13420,"d":"13,420.00"}]
[null,"提前下达2026年重大公共卫生补助资金",{"$nulls":5},{"v":500000,"d":"500,000.00"},{"v":500000,"d":"500,000.00"}]
["事业发展类","提前下达2026年重大公共卫生补助资金","云南省卫生健康综合监督中心","2100409","重大公共卫生服务","30211","差旅费",{"v":12300,"d":"12,300.00"},{"v":12300,"d":"12,300.00"}]
["事业发展类","提前下达2026年重大公共卫生补助资金","云南省卫生健康综合监督中心","2100409","重大公共卫生服务","30216","培训费",{"v":409700,"d":"409,700.00"},{"v":409700,"d":"409,700.00"}]
["事业发展类","提前下达2026年重大公共卫生补助资金","云南省卫生健康综合监督中心","2100409","重大公共卫生服务","30226","劳务费",{"v":28000,"d":"28,000.00"},{"v":28000,"d":"28,000.00"}]
["事业发展类","提前下达2026年重大公共卫生补助资金","云南省卫生健康综合监督中心","2100409","重大公共卫生服务","30299","其他商品和服务支出",{"v":50000,"d":"50,000.00"},{"v":50000,"d":"50,000.00"}]
["合  计",{"$nulls":6},{"v":840000,"d":"840,000.00"},{"v":840000,"d":"840,000.00"}]

{"sheet":"部门项目支出中期规划预算表12","index":16,"n_rows":13,"n_cols":7,"rows_kept":13,"merged":[[1,0,1,6],[2,0,2,3],[3,0,5,0],[3,1,5,1],[3,2,5,2],[3,3,5,3],[3,4,3,6],[4,4,5,4],[4,5,5,5],[4,6,5,6],[12,0,12,3]]}
[{"$nulls":6},"预算12表"]
["2026年部门项目支出中期规划预算表"]
[{"$f":"\"单位名称：\"&\"云南省卫生健康综合监督中心\"","v":"单位名称：云南省卫生健康综合监督中心"},{"$nulls":5},"单位：元"]
["项目单位","项目分类","项目名称","项目级次","一般公共预算"]
[{"$nulls":4},"2026年","2027年","2028年"]
[{"$nulls":5},"小计"]
[1,2,3,4,5,6,7]
["云南省卫生健康综合监督中心",{"$nulls":3},{"v":6576450,"d":"6,576,450.00"},{"v":6576450,"d":"6,576,450.00"},{"v":6576450,"d":"6,576,450.00"}]
[null,"223 专业信息系统运行维护费","政务信息化运维服务项目补助资金","本级",{"v":1702850,"d":"1,702,850.00"},{"v":1702850,"d":"1,702,850.00"},{"v":1702850,"d":"1,702,850.00"}]
[null,"312 民生类","其他人员支出","本级",{"v":633600,"d":"633,600.00"},{"v":633600,"d":"633,600.00"},{"v":633600,"d":"633,600.00"}]
[null,"313 事业发展类","卫生健康综合监督专项资金","本级",{"v":4000000,"d":"4,000,000.00"},{"v":4000000,"d":"4,000,000.00"},{"v":4000000,"d":"4,000,000.00"}]
[null,"313 事业发展类","政务信息化建设项目补助资金","本级",{"v":240000,"d":"240,000.00"},{"v":240000,"d":"240,000.00"},{"v":240000,"d":"240,000.00"}]
["合计","",null,null,{"v":6576450,"d":"6,576,450.00"},{"v":6576450,"d":"6,576,450.00"},{"v":6576450,"d":"6,576,450.00"}]